| 000 | 00000nam##2200000za#4500 |
| 001 | 9.643020 |
| 003 | CaOODSP |
| 005 | 20210624223958 |
| 007 | cr ||||||||||| |
| 008 | 150407|2005||||xxc|||||o f|0| 0 fre|d |
| 040 | |aCaOODSP|bfre |
| 043 | |an-cn--- |
| 086 | 1 |aEn40-680/2005F-PDF |
| 110 | 1 |aCanada. |bEnvironnement Canada. |bService de la protection de l'environnement. |
| 245 | 13|aLe pentachlorobenzène (QCB) et les tétrachlorobenzènes (TeCB) - proposition de la stratégie de gestion des risques |h[ressource électronique] |
| 260 | |aOttawa - Ontario : |bEnvironnement Canada. |cJanvier 2005. |
| 300 | |a23p.|bgraphiques, références, tableaux |
| 590 | |a14-08-Supp|b2014-04-10 |
| 691 | 07|aGestion des risques|2gcpds |
| 691 | 07|aProduit toxique|2gcpds |
| 775 | 08|tPentachlorobenzene (QCB) and tetrachlorobenzenes (TeCBs) - proposed risk management strategy |w(CaOODSP)9.698992 |
| 856 | 40|ahttp://publications.gc.ca|qPDF|s344 Ko|uhttps://publications.gc.ca/collections/collection_2014/ec/En40-680-2005-fra.pdf |